Statistics for Dead Solo Artists: 40s

Click here to take the quiz!

General Stats

  • This quiz has been taken 2 times
  • The average score is 2 of 21

Answer Stats

Age at DeathYear of DeathAnswer% Correct
701989Bull Moose Jackson
100%
621977Buddy Johnson
50%
711970Lonnie Johnson
50%
521980Amos Milburn
0%
681974Arthur Crudup
0%
912018Big Jay McNeely
0%
761999Charles Brown
0%
571954Dusty Fletcher
0%
791993Erskine Hawkins
0%
711987Joe Liggins
0%
832001Johnny Lee Hooker
0%
641998Johnny Moore
0%
812013Little Willie Littlefield
0%
662015Louis Jordan
0%
561966Lucky Millinder
0%
852000Mabel Scott
0%
551981Roy Brown
0%
761983Roy Milton
0%
431961Stick McGhee
0%
651965Todd Rhodes
0%
531969Wynonie Harris
0%

Score Distribution

Percentile by Number Answered

Percent of People with Each Score

Your Score History

You have not taken this quiz